Identification of potential drought tolerant Hevea germplasm accessions using physiological an biochemical parameters (Record no. 46726)

MARC details
000 -LEADER
fixed length control field 00916nam a2200349Ia 4500
100 ## - MAIN ENTRY--AUTHOR NAME
Personal name Thomas M
245 #0 - TITLE STATEMENT
Title Identification of potential drought tolerant Hevea germplasm accessions using physiological an biochemical parameters
260 ## - PUBLICATION, DISTRIBUTION, ETC. (IMPRINT)
Name of publisher Rubber Science
Year of publication 2015
300 ## - PHYSICAL DESCRIPTION
Number of Pages 62-69
500 ## - GENERAL NOTE
General note Source Year: 2012
650 ## - SUBJECT ADDED ENTRY--TOPICAL TERM
Topical Term Carotenoids
650 ## - SUBJECT ADDED ENTRY--TOPICAL TERM
Topical Term Carotenoids
650 ## - SUBJECT ADDED ENTRY--TOPICAL TERM
Topical Term Chlorophyll
650 ## - SUBJECT ADDED ENTRY--TOPICAL TERM
Topical Term Chlorophyll
650 ## - SUBJECT ADDED ENTRY--TOPICAL TERM
Topical Term Drought
650 ## - SUBJECT ADDED ENTRY--TOPICAL TERM
Topical Term Drought
650 ## - SUBJECT ADDED ENTRY--TOPICAL TERM
Topical Term Epicuticular wax
650 ## - SUBJECT ADDED ENTRY--TOPICAL TERM
Topical Term Epicuticular wax
650 ## - SUBJECT ADDED ENTRY--TOPICAL TERM
Topical Term Fluorescence
650 ## - SUBJECT ADDED ENTRY--TOPICAL TERM
Topical Term Fluorescence
650 ## - SUBJECT ADDED ENTRY--TOPICAL TERM
Topical Term Germplasm
650 ## - SUBJECT ADDED ENTRY--TOPICAL TERM
Topical Term Germplasm
650 ## - SUBJECT ADDED ENTRY--TOPICAL TERM
Topical Term Photosynthesis
650 ## - SUBJECT ADDED ENTRY--TOPICAL TERM
Topical Term Photosynthesis
700 ## - ADDED ENTRY--PERSONAL NAME
Personal name Annamalainathan K
700 ## - ADDED ENTRY--PERSONAL NAME
Personal name Mercy M A
700 ## - ADDED ENTRY--PERSONAL NAME
Personal name Nair D B
700 ## - ADDED ENTRY--PERSONAL NAME
Personal name Sumesh K V
700 ## - ADDED ENTRY--PERSONAL NAME
Personal name Xavier S M
942 ## - ADDED ENTRY ELEMENTS (KOHA)
Koha item type Articles
Holdings
Withdrawn status Lost status Damaged status Not for loan Home library Current library Shelving location Date acquired Serial Enumeration / chronology Koha item type
      Articles RRII Library RRII Library Physiology 11/05/2015 Volume 28, Issue 1 Articles